000 00444nam a2200181Ia 4500
005 20250326144227.0
008 250326s9999 xx 000 0 und d
037 _aTextbook
040 _aFMSL
_beng
_cFMSL
041 _aeng
_2eng
084 _qFMSL
100 _aPruthi S P S
_9737695
245 0 _aBusiness & Government
_cPruthi S P S
260 _aNY
_bNY, Asia
_c1972
300 _a468p
942 _cTB
999 _c1302889
_d1302889